000
00298nam a22001097a 4500
008
170105b xxu||||| |||| 00| 0 eng d
020
_a
9781416031994
041
_a
eng
080
_2
3RD
_a
618.2
245
_a
SAUNDERS Comprehensive Review for the NCLEX-RN Examination
_c
SILBESTRI, L.A
942
_2
udc
_c
BK
999
_c
2549
_d
2549